000 00711nam a2200241Ia 4500
005 20260430150232.0
008 008 250103s9999 xx 000 0 eng d
037 _aTheses
040 _aCRL
040 _beng
040 _ceng
041 _2eng
041 _aeng
084 _qCRL
100 _aSinha Abhinav Au.; Mohapatra Prabhu P. Gu.
_91236888
245 0 _aTowards a history of working class: The changing structure of industry and emerging forms of working class resistance in the NCT, 1951-2014
260 _c2021
300 _a432p.
650 _aHistory
700 _aUniversity of Delhi. Faculty of Social Science. Depatment of History
942 _cTH
999 _c1849288
_d1849288